| 000 | 00472nam a2200181Ia 4500 | ||
|---|---|---|---|
| 005 | 20260429112224.0 | ||
| 008 | 260429s9999||||xx |||||||||||||| ||und|| | ||
| 020 | _a9788119642762 | ||
| 041 | _aEnglish | ||
| 082 |
_a954 _bCUR |
||
| 100 | _aCurtis, William Eleroy | ||
| 245 | 0 |
_aModern India / _cWilliam Eleroy Curtis |
|
| 260 |
_aJaipur : _bHilltop Publications, _c2025. |
||
| 300 | _aviii, 327 p.; hb | ||
| 650 | _a Modern india | ||
| 650 | _aHistory | ||
| 942 | _cTB | ||
| 999 |
_c52974 _d52974 |
||